| 000 | 00916cam a2200241 4500 | ||
|---|---|---|---|
| 001 | D3437 | ||
| 008 | 1984 bo g | ||
| 035 | _a(Sirsi) u73320 | ||
| 041 | 0 | _aeng | |
| 050 | 0 | 4 | _a720.942132 $2 18 |
| 110 | 2 |
_aElsom Pack and Roberts _9204 |
|
| 245 | 0 | 0 |
_aIdeas competition '84 for the improvement of Parliament Square, London _bpromoted with the co-operation of the Royal Institute of British Architects |
| 260 |
_aLondon _bElsom Pack and Roberts _c1984 |
||
| 300 |
_a1 _ffolder _bill, maps _c32cm |
||
| 350 | _a0 | ||
| 520 | _aPack setting out the terms of a competition for the redesign of Parliament Square. Includes the assessors' report. | ||
| 650 | 2 | 4 | _a12 GREAT GEORGE STREET |
| 651 | 4 | _aWESTMINSTER | |
| 690 | _aABOUT RICS-RICS OFFICES-RICS HEAD OFFICES-RICS PARLIAMENT SQUARE | ||
| 710 | 2 |
_aRoyal Institute of British Architects _92527 |
|
| 942 | _n0 | ||
| 948 | _c04/03/1997 | ||
| 999 |
_c95573 _d95573 |
||